Successful e-learning interface : making learning technology polite, effective, and fun (Record no. 11750)
[ view plain ]
| 000 -LEADER | |
|---|---|
| fixed length control field | 01116cam a2200301 a 4500 |
| 001 - CONTROL NUMBER | |
| control field | 16570284 |
| 005 - DATE AND TIME OF LATEST TRANSACTION | |
| control field | 20170105102347.0 |
| 008 - FIXED-LENGTH DATA ELEMENTS--GENERAL INFORMATION | |
| fixed length control field | 101207s2011 caua b 001 0 eng |
| 010 ## - LIBRARY OF CONGRESS CONTROL NUMBER | |
| LC control number | 2010048923 |
| 020 ## - INTERNATIONAL STANDARD BOOK NUMBER | |
| International Standard Book Number | 9780787982973 (pbk.) |
| 040 ## - CATALOGING SOURCE | |
| Original cataloging agency | DLC |
| Transcribing agency | DLC |
| Modifying agency | DLC |
| 042 ## - AUTHENTICATION CODE | |
| Authentication code | pcc |
| 050 00 - LIBRARY OF CONGRESS CALL NUMBER | |
| Classification number | LB1028.38 |
| Item number | .A46 2011 |
| 082 00 - DEWEY DECIMAL CLASSIFICATION NUMBER | |
| Classification number | 371.3 |
| Edition number | 22 |
| 100 1# - MAIN ENTRY--PERSONAL NAME | |
| Personal name | Allen, Michael W., |
| Dates associated with a name | 1946- |
| 245 10 - TITLE STATEMENT | |
| Title | Successful e-learning interface : making learning technology polite, effective, and fun |
| Statement of responsibility, etc. | Michael W. Allen. |
| 260 ## - PUBLICATION, DISTRIBUTION, ETC. | |
| Place of publication, distribution, etc. | San Francisco, CA : |
| Name of publisher, distributor, etc. | Pfeiffer, |
| Date of publication, distribution, etc. | c2011. |
| 300 ## - PHYSICAL DESCRIPTION | |
| Extent | xvi, 224 p. : |
| Other physical details | ill. ; |
| Dimensions | 24 cm. |
| 490 0# - SERIES STATEMENT | |
| Series statement | Michael Allen's e-learning library |
| 490 0# - SERIES STATEMENT | |
| Series statement | Pfeiffer essential resources for training and HR professionals |
| 504 ## - BIBLIOGRAPHY, ETC. NOTE | |
| Bibliography, etc. note | Includes bibliographical references and index. |
| 650 #0 - SUBJECT ADDED ENTRY--TOPICAL TERM | |
| Topical term or geographic name entry element | Instructional systems |
| General subdivision | Design. |
| 650 #0 - SUBJECT ADDED ENTRY--TOPICAL TERM | |
| Topical term or geographic name entry element | Educational technology. |
| 650 #0 - SUBJECT ADDED ENTRY--TOPICAL TERM | |
| Topical term or geographic name entry element | User interfaces (Computer systems) |
| 906 ## - LOCAL DATA ELEMENT F, LDF (RLIN) | |
| a | 7 |
| b | cbc |
| c | orignew |
| d | 1 |
| e | ecip |
| f | 20 |
| g | y-gencatlg |
| 942 ## - ADDED ENTRY ELEMENTS (KOHA) | |
| Source of classification or shelving scheme | |
| Koha item type | Book |
| Withdrawn status | Lost status | Damaged status | Not for loan | Collection code | Permanent Location | Current Location | Shelving location | Date acquired | Source of acquisition | Cost, normal purchase price | Total Checkouts | Full call number | Barcode | Date last seen | Date last checked out | Price effective from | Koha item type |
|---|---|---|---|---|---|---|---|---|---|---|---|---|---|---|---|---|---|
| Central Library (CL) | Central Library (CL) | General Stacks | 04/09/2013 | Progressive International Agencies | 2560.51 | 1 | 371.3 ALL | SEECS012229 | 12/10/2015 | 11/06/2015 | 04/16/2013 | Book |
